00865nam a22002657a 45000010005000000030006000050050017000110080041000280200017000690400029000860500018001150820012001331000026001452450076001712500036002472600041002833000048003244900035003725050007004075200081004145210027004955210018005226500014005407000045005547242FISKH20250703152856.0250703b cb ||||| |||| 00| 0 eng d a046594003751 aFISKHbengcFISKHdFISKH aPZ7.H314964 D a823.914 aHazen, Barbara Shook  aDigby /cby Barbara Shook Hazen ; Pictures by Barbara J. Phillips-Duke  aThis Harper Trophy edition 1999 aNew York : bHarper Trophy, c1997.  a32 pages : bcolor illustrations ; c22 cm  aAn I can read book : vLevel 1 aG  aLearning about the family dog, Digby, helps a young child understand aging. 8 a300 bLexile estimate 8 aG bRaz-Plus  aPet vDog aPhillips-Duke, Barbara J. eillustrator